000 00561nam a22001697a 4500
003 UA-OsUOA
001 9502
007 ta
008 20041111b un ||||| |||| 00| 0 ukr d
942 _cSA
040 _aUA-OsUOA
_cUA-OsUOA
_dUA-OsUOA
245 _aПро Всеукраїнський конкурс інноваційних технологій : Постанова N1421 від 28 жовтня 2004 р.
_c; ; ; ; ;
300 _aС.3-4 (Орієнтир)
955 _a0
773 0 _w0
_tУрядовий кур'єр
_dКиїв
_d2004
_gN214
650 7 _2UDC
999 _c295663
_d295663